000 00596nam a2200241Ia 4500
003 OSt
005 20221006150601.0
006 a|||||r|||| 00| 0
007 ta
008 221006b |||||||| |||| 00| 0 chi d
020 _c
_0.72
024 _a19,143
037 _cTextual
040 _aEASL
_cEASL
_bchi
041 _2chi
_achi
082 _aV41,4f4, M0
100 _aLIU SHAO QI
_9657055
245 0 _aLun dang
260 _aBeijing
_bRen Min Chu Banshe
_c1980
300 _a177p.;
_ccm.
942 _hV41,4f4, M0
_cTEXL
_2CC
999 _c1087229
_d1087229